000 00595nam a2200205 4500
001 45366
010 _a9789896711160
021 _aPT
_b418279/16
090 _a45366
100 _a20160630e20152012m y0pory50030103ba
102 _aPT
200 1 _aO retorno
_fDulce Maria Cardoso
205 _a15 ยช.ed.,
210 9 _aLisboa
_cTinta-da-China,
_d2016
215 _a267, [5] p.
_d19 cm
675 _a821.134.3-3
_vBN
_zpor
700 1 _aCardoso,
_bDulce Maria,
_f1964-
801 0 _aPT
_bBN
_gRPC
856 4 1 _uhttp://rnod.bnportugal.gov.pt/ImagesBN/winlibimg.aspx?skey=&doc=1935403&img=78765&save=true
990 _cLIVROS